When nature goes public: the making and unmarking of bioprospecting in Mexico
Uloženo v:
| Hlavní autor: | |
|---|---|
| Médium: | Text |
| Vydáno: |
New Jersey:
Princenton University Press
|
| Tagy: |
Přidat tag
Žádné tagy, Buďte první, kdo vytvoří štítek k tomuto záznamu!
|
MARC
| LEADER | 00000 a a2200000 04500 | ||
|---|---|---|---|
| 001 | 30499 | ||
| 003 | |||
| 040 | |a CRAI/IIS |c CRAI/IIS | ||
| 020 | |a 0-691-09556-6 | ||
| 090 | |a 195200 | ||
| 100 | |a Hayden, Cori | ||
| 245 | |a When nature goes public: the making and unmarking of bioprospecting in Mexico | ||
| 260 | |a New Jersey: |b Princenton University Press | ||
| 300 | |a 284 p. |b il. |b map. | ||
| 500 | |a Incluye índice | ||
| 999 | |c 12300 |d 12300 | ||



